000 00418nam a2200157Ia 4500
008 230917s9999||||xx |||||||||||||| ||und||
020 _cRS30
040 _e26868
_aMAIN
041 _aEnglish
082 _a954.03 H951L
100 _aHusain, Imtiaz
245 0 _aLand revenue policy in North India: The ceded & conquered provinces, 1801-33
260 _aCalcutta
_bNew Age
_c1967
300 _a298 p.
942 _cBK
999 _c183529
_d183529